000
00264nam a22001217a 4500
008
180730b xxu||||| |||| 00| 0 eng d
082
_2
813.52
245
_a
Stewart's Calculus
_c
Stewart
300
_a
1
440
_x
0534393470
760
_b
5th
942
_2
ddc
_c
MX
999
_c
46657
_d
46657